00876nam a2200205 a 4500001001000000003000900010005001700019008004100036040002500077082001700102100003100119245020000150260004700350300002600397500007300423504003000496700002800526700001800554710009800572000024313DO-SdBNP20250625103756.0110126s1993 dr r 000 0 spa d aDO-SdBNPbspacBNPHU 4a304.64bJ61m1 aJiménez, Ramón Orlando10aMortalidad infantil y de sus componentes mediante el método del hijo previo en las provincias de la Vega, Espaillat y Peravia /cRamón Orlando Jiménez, Bienvenida Rodríguez, Yoni Espinal. aSanto Domingo :bSESPAS,bCONAPOFA,c1993. aviii, 41 p. ;c29 cm. aIncluye referencias bibliográficas y notas al pie de las páginas aBibliografía : p. 43-4512aRodríguez, Bienvenida12aEspinal, Yoni1 aRepública Dominicana. b Secretaria de Estado de Salud Pública y Asistencia Social (2001)